| 000 | 00438nam a22001577a 4500 | ||
|---|---|---|---|
| 008 | 150925b xxu||||| |||| 00| 0 eng d | ||
| 020 | _a0201466988 | ||
| 041 | 0 | _aeng | |
| 080 | _a530.1 | ||
| 245 |
_aConceptual physics: _cPaul G. Hewitt. |
||
| 250 | _a3rd ed. | ||
| 260 |
_aUSA: _bAddison-Wesley Publishing Company; _c1997. |
||
| 300 |
_a691 f.: _bme il.; _c26 cm. |
||
| 650 | 0 | _aFizika | |
| 942 |
_2udc _cBK |
||
| 999 |
_c1176 _d1176 |
||